| 000 | 00515nam a2200169 i 4500 | ||
|---|---|---|---|
| 001 | 58212 | ||
| 003 | ES-MaACL | ||
| 005 | 20230906163741.0 | ||
| 007 | t| | ||
| 008 | 031021s1982 sp ||||1| spa d | ||
| 100 | 1 |
_aDumont, Louis. _946010 |
|
| 245 | 1 | 0 |
_aHomo aequalis _b: génesis y apogeo de la ideología económica / _cLouis Dumont ; versión Juan Aranzadi. |
| 260 |
_a[Madrid] : _bTaurus, _c[1982] |
||
| 300 |
_a255 p. ; _c21 cm. |
||
| 700 | 1 |
_aAranzadi, Juan. _922332 |
|
| 852 |
_aES-MaACL _jL-4489 _bR.104628 |
||
| 999 |
_c58212 _d58212 |
||